Экологизация образовательной среды технического вуза; Инженерное образование; № 24

Chi tiết về thư mục
Parent link:Инженерное образование: электронный научный журнал/ Ассоциация инженерного образования России (АИОР).— : [Б. и.], 2003-.— 1810-2883
№ 24.— 2018.— [С. 161-165]
Tác giả chính: Даниленкова В. А.
Tác giả của công ty: Калининградский государственный технический университет (КГТУ)
Tóm tắt:Заглавие с титульного листа
В данной статье обосновывается идея экологизации образовательной среды технического вуза. Автором предложена, с позиции процессного подхода, вовлеченность и взаимодействие администрации-преподавателей – студентов в созданииусловий для развития экологического сознания обучающихся, повышения их адаптации к обучению
Ngôn ngữ:Tiếng Nga
Được phát hành: 2018
Loạt:Качество инженерного образования
Những chủ đề:
Truy cập trực tuyến:https://old.aeer.ru/files/io/m24/art_22.pdf
Định dạng: Điện tử Chương của sách
KOHA link:https://koha.lib.tpu.ru/cgi-bin/koha/opac-detail.pl?biblionumber=582500

MARC

LEADER 00000naa2a2200000 4500
001 582500
005 20250520152633.0
035 |a (RuTPU)RU\TPU\prd\282956 
090 |a 582500 
100 |a 20190207a2018 k y0rusy50 ca 
101 0 |a rus 
102 |a RU 
135 |a drcn ---uucaa 
181 0 |a i  
182 0 |a b 
200 1 |a Экологизация образовательной среды технического вуза  |b Электронный ресурс  |f В. А. Даниленкова 
203 |a Текст  |c электронный 
215 |a 1 файл (397 Кб.) 
225 1 |a Качество инженерного образования 
230 |a Электронные текстовые данные (1 файл : 397 Кб.) 
300 |a Заглавие с титульного листа 
320 |a [Библиогр.: с. 165 (11 назв..)] 
330 |a В данной статье обосновывается идея экологизации образовательной среды технического вуза. Автором предложена, с позиции процессного подхода, вовлеченность и взаимодействие администрации-преподавателей – студентов в созданииусловий для развития экологического сознания обучающихся, повышения их адаптации к обучению 
461 1 |0 (RuTPU)RU\TPU\prd\176632  |x 1810-2883  |t Инженерное образование  |o электронный научный журнал  |f Ассоциация инженерного образования России (АИОР)  |n [Б. и.]  |d 2003- 
463 1 |0 (RuTPU)RU\TPU\prd\282906  |t № 24  |v [С. 161-165]  |d 2018 
610 1 |a инженерное образование 
610 1 |a электронный ресурс 
610 1 |a вовлеченность 
610 1 |a экологическое сознание 
610 1 |a экологизация 
610 1 |a образовательная среда 
700 1 |a Даниленкова  |b В. А. 
712 0 2 |a Калининградский государственный технический университет (КГТУ)  |c (1994- )  |2 stltpush  |3 (RuTPU)RU\TPU\col\15403 
801 2 |a RU  |b 63413507  |c 20190207  |g RCR 
856 4 |u https://old.aeer.ru/files/io/m24/art_22.pdf 
942 |c BK